00379nam a2200133Ia 4500001000400000008004100004020001800045082002500063100003100088245003900119260004500158901002700203999001500230775241024s9999 xx 000 0 und d a9945-00-020-9 aRD/658.839/M664mar/5 aAnder Mimenza Aurrecoechea 0aMarketing: Historia y Definición bAlianza ONG.W.K Kellogs Foundationc2004 a2/12/2010 8:34:18 a.m. c7987d7987